Business Mathematics: A Collage Course (Record no. 990)

MARC details
005 - DATE AND TIME OF LATEST TRANSACTION
control field 20250319134509.0
020 ## - INTERNATIONAL STANDARD BOOK NUMBER
International Standard Book Number 0-538-13070-9
082 ## - DEWEY DECIMAL CLASSIFICATION NUMBER
Classification number 513.93 GOS
100 ## - MAIN ENTRY--PERSONAL NAME
Author name GOSSAGE, L. C.
245 ## - TITLE STATEMENT
Title Business Mathematics: A Collage Course
260 ## - PUBLICATION, DISTRIBUTION, ETC.
Place of publication, distribution, etc. Brighton,
Name of publisher, distributor, etc. South-Western,
Date of publication, distribution, etc. 1972.
300 ## - PHYSICAL DESCRIPTION
Extent vi, 522p.: ill.; figure, graph, table.
Other physical details Index.
Dimensions 24cm.
942 ## - ADDED ENTRY ELEMENTS (KOHA)
Source of classification or shelving scheme Dewey Decimal Classification
Koha item type Books
Holdings
Date last seen Total checkouts Full call number Barcode Cost, replacement price Price effective from Koha item type Lost status Source of classification or shelving scheme Damaged status Not for loan Withdrawn status Home library Current library Shelving location Date acquired Cost, normal purchase price
03/19/2025   513.93 GOS 0000003908 30000.00 03/19/2025 Books   Dewey Decimal Classification       College of Business Education Main Library College of Business Education Main Library General Collection 03/19/2025 10000.00
03/19/2025   513.93 GOS 0000003909 30000.00 03/19/2025 Books   Dewey Decimal Classification       College of Business Education Main Library College of Business Education Main Library General Collection 03/19/2025 10000.00
03/19/2025   513.93 GOS 0000003910 30000.00 03/19/2025 Books   Dewey Decimal Classification       College of Business Education Main Library College of Business Education Main Library General Collection 03/19/2025 10000.00